Best TV of 2012 Quiz Stats

 Plays Quiz not verified by Sporcle

Challenge
Share
Tweet
Embed
Score 0/20 Timer 06:00
0 Plays Today
RANK SHOW % Correct
2Mad Men
84%
1Breaking Bad
83.7%
6The Walking Dead
70.9%
7 (tie)Game of Thrones
64.7%
9Downton Abbey
59.8%
3Homeland
58.8%
16 (tie)30 Rock
57.8%
14 (tie)Modern Family
56.2%
7 (tie)Parks and Recreation
55.6%
5Girls
48%
RANK SHOW % Correct
14 (tie)Boardwalk Empire
42.2%
10Justified
37.9%
13The Good Wife
35.9%
16 (tie)American Horror Story: Asylum
35.9%
4Louie
34.6%
16 (tie)Community
34.3%
16 (tie)New Girl
30.4%
11 (tie)Sherlock
22.2%
11 (tie)Parenthood
18.3%
16 (tie)Nashville
9.5%

You're not logged in!

Compare scores with friends on all Sporcle quizzes.
OR
Log In

You Might Also Like...

Show Comments

Extras

Created Jan 31, 2013SourceReportNominate
Tags:TV Show Quiz, 2012, Top 10

Top Quizzes Today


Score Distribution

Your Account Isn't Verified!

In order to create a playlist on Sporcle, you need to verify the email address you used during registration. Go to your Sporcle Settings to finish the process.

Report this User

Report this user for behavior that violates our Community Guidelines.

Details: